000 00707nam a2200229 i 4500
001 bg
100 1 _aKIRKUP, Stephen
245 1 0 _aThe boundary element method in acoustics :
_ba development in Fortran /
_cby Stephen Kirkup.
260 _aHebden Bridge :
_bIntegrated Sound Software,
_c1998.
300 _aV, 136, XII :
_brys., wykr. ;
_c31 cm +
_edyskietka.
504 _aBibliogr. p.129-136.
650 9 _aAkustyka
_xzagadnienia
650 9 _aMetody i |zagadnienia brzegowe
_xstosowanie
_xfizyka
650 9 _aFortran
020 _a0953403106
040 _cBPK
041 0 _aen
080 _a534:519.61/.65
920 _a0-9534031-0-6
942 _cKS
008 s pl f |000 0 pol
999 _c36388
_d36388
856 _uhttp://koha.tu.koszalin.pl/cgi-bin/koha/opac-detail.pl?biblionumber=36388
_yKatalog online BPK